[Event "DRAGON 3OOO"]
[Site "SchemingMind.com"]
[Date "2013.02.26"]
[Round "-"]
[White "erobeno"]
[Black "Greg Magne"]
[Result "0-1"]
[WhiteCountry "TUR"]
[BlackCountry "CAN"]
[WhiteElo "1705"]
[WhiteRD "73"]
[BlackElo "1896"]
[BlackRD "66"]
[GameID "327750"]

1. e4 e5 2. Nf3 Nc6 3. Bb5 a6 4. Ba4 Nf6 5. O-O Nxe4 6. d4 b5 7. Bb3 d5 8. dxe5 Be6 9. h3 Bc5 10. c3 O-O
11. Nbd2 Qe7 12. Bc2 Nxf2 13. Rxf2 f6 14. Nf1 Bxf2+ 15. Kxf2 fxe5 16. Kg1 Kh8 17. Ng5 e4 18. a3 Ne5 19. b4 Rf5 20. Nxe6 Qxe6
21. Be3 Qg6 22. Kh1 Raf8 23. Nh2 c6 24. Bc5 Rf2 25. Bxf2 Rxf2 26. g4 Qh6 27. Bxe4 Qxh3 28. Qg1 Nxg4 29. Bg2 Qh4 30. Rf1 h5
31. Rd1 Rc2 32. Rf1 Rxc3 33. Rf8+ Kh7 34. Qb1+ Kh6 35. Qg1 Nxh2 36. Qxh2 Qxh2+ 37. Kxh2 Rxa3 38. Re8 Kg5 39. Re6 Rc3 40. Bh3 Kf4
41. Kg2 Rc2+ 42. Kf1 g5 43. Rh6 g4 44. Bg2 Kg3 45. Bxd5 cxd5 46. Rxh5 Rb2
0-1

[Event "DRAGON 3OOO"]
[Site "SchemingMind.com"]
[Date "2013.03.03"]
[Round "-"]
[White "erobeno"]
[Black "e_castle3"]
[Result "1-0"]
[WhiteCountry "TUR"]
[BlackCountry "PHI"]
[WhiteElo "1705"]
[WhiteRD "73"]
[BlackElo "1734"]
[BlackRD "63"]
[GameID "327751"]

1. e4 d6 2. d4 e6 3. Nf3 Nf6 4. Nc3 Nbd7 5. e5 Nd5 6. Bc4 Nxc3 7. bxc3 d5 8. Bd3 c5 9. c4 cxd4 10. O-O Nb6
11. cxd5 Qxd5 12. Nxd4 a6 13. Rb1 Bc5 14. Nb3 Qxe5 15. Re1 Qd5 16. Nxc5
1-0

[Event "DRAGON 3OOO"]
[Site "SchemingMind.com"]
[Date "2013.02.26"]
[Round "-"]
[White "erobeno"]
[Black "agarr"]
[Result "1/2-1/2"]
[WhiteCountry "TUR"]
[BlackCountry "RUS"]
[WhiteElo "1705"]
[WhiteRD "73"]
[BlackElo "1755"]
[BlackRD "69"]
[GameID "327752"]

1. e4 e5 2. Nf3 Nc6 3. Bb5 Nd4 4. Nxd4 exd4 5. O-O Be7 6. Re1 b6 7. c3 dxc3 8. bxc3 Bb7 9. Qg4 g6 10. d4 Nf6
11. Qf3 O-O 12. Nd2 c6 13. Ba4 d5 14. h3 Rb8 15. Bc2 dxe4 16. Nxe4 c5 17. Be3 Nxe4 18. Bxe4 Bxe4 19. Qxe4 cxd4 20. cxd4 Bf6
21. Rac1 Re8 22. Qf4 Bg7 23. Rc7 Qf6 24. Qxf6 Bxf6 25. Rxa7 Bxd4 26. a4 f5 27. Kf1 Bxe3 28. Rxe3 Rxe3 29. fxe3 b5 30. a5 b4
31. a6 Rb6 32. Ra8+ Kg7 33. a7 Ra6 34. Ke1 Kh6 35. Kd1 Ra2 36. Kc1 Kg5 37. Rb8 Rxa7 38. Rxb4 Ra2 39. g3 Rg2 40. g4 fxg4
41. hxg4 Rxg4 42. Rb5+ Kf6 43. Kd2 h5 44. Kd3 h4 45. e4 h3 46. Rb1 h2 47. Rh1 Rh4 48. Ke3 Ke5 49. Kf3 g5 50. Kg3 Kxe4
51. Rxh2 Rxh2 52. Kxh2 Kf4 53. Kh3 g4+ 54. Kg2 g3=
1/2-1/2

[Event "DRAGON 3OOO"]
[Site "SchemingMind.com"]
[Date "2013.02.27"]
[Round "-"]
[White "erobeno"]
[Black "David Hartley"]
[Result "1-0"]
[WhiteCountry "TUR"]
[BlackCountry "ENG"]
[WhiteElo "1773"]
[WhiteRD "67"]
[BlackElo "1793"]
[BlackRD "60"]
[GameID "327753"]

1. e4 e5 2. Nf3 Nc6 3. Bb5 a6 4. Ba4 Nf6 5. O-O Be7 6. Re1 b5 7. Bb3 d6 8. c3 O-O 9. d4 Bg4 10. Be3 exd4
11. cxd4 Na5 12. h3 Bh5 13. Bg5 Nxb3 14. axb3 h6 15. Bxf6 Bxf6 16. Qd3 Bg6 17. Qd2 Re8 18. Nc3 c6 19. b4 Qc7 20. Qf4 Bh7
21. e5 dxe5 22. Qg3 Qc8 23. dxe5 Bd8 24. Ne4 Bxe4 25. Rxe4 Bc7 26. Rae1 Qd7 27. Rg4 g6 28. Rh4 Kh7 29. Ng5+ Kg7 30. Rxh6 Rh8
31. Rh4 f6 32. Nf3 Rxh4 33. exf6+ Kxf6 34. Qxh4+ g5 35. Qxg5+ Kf7 36. Ne5+ Bxe5 37. Rxe5 Re8 38. Qf4+
1-0

[Event "DRAGON 3OOO"]
[Site "SchemingMind.com"]
[Date "2013.03.02"]
[Round "-"]
[White "erobeno"]
[Black "emvarela"]
[Result "1-0"]
[WhiteCountry "TUR"]
[BlackCountry "ARG"]
[WhiteElo "1822"]
[WhiteRD "69"]
[BlackElo "1779"]
[BlackRD "51"]
[GameID "327754"]

1. e4 e5 2. Nf3 Nc6 3. Bb5 f5 4. Bxc6 dxc6 5. O-O fxe4 6. Nxe5 Qd4 7. Ng4 h5 8. Ne3 Be6 9. c3 Qf6 10. d4 exd3
11. Qxd3 Bd6 12. Nd2 O-O-O 13. Qc2 Bd5 14. c4 Be6 15. Nf3 Ne7 16. Bd2 Nf5 17. Nxf5 Bxf5 18. Qc3 Qxc3 19. Bxc3 Rhg8 20. Rfe1 g6
21. Ng5 Bf4 22. h4 Bxg5 23. hxg5 Rd3 24. f3 b6 25. Re7 Rgd8 26. Rae1 Rd1 27. Rxd1 Rxd1+ 28. Kf2 Rd7 29. Re8+ Kb7 30. Kg3 b5
31. c5 Rh7 32. Kf4 h4 33. Re5 h3 34. gxh3 Rxh3 35. Rxf5 gxf5 36. g6
1-0

[Event "DRAGON 3OOO"]
[Site "SchemingMind.com"]
[Date "2013.02.26"]
[Round "-"]
[White "erobeno"]
[Black "Scooter"]
[Result "0-1"]
[WhiteCountry "TUR"]
[BlackCountry "USA"]
[WhiteElo "1705"]
[WhiteRD "73"]
[BlackElo "1792"]
[BlackRD "53"]
[GameID "327755"]

1. e4 c6 2. d4 d5 3. Nc3 dxe4 4. Nxe4 Bf5 5. Ng3 Bg6 6. h4 h6 7. h5 Bh7 8. Nf3 Nd7 9. Bd3 Bxd3 10. Qxd3 Ngf6
11. Bf4 e6 12. O-O-O Be7 13. Ne5 O-O 14. Ne4 Nxe4 15. Qxe4 Nf6 16. Qe3 Nd5 17. Qg3 Nxf4 18. Kb1 Nd5 19. Ng4 Bg5 20. Qd3 Qa5
21. a3 Nf4 22. Qf3 Qd5 23. Qxd5 exd5 24. g3 Ne6 25. f4 Bd8 26. Ne5 Bb6 27. c3 f6 28. Nd7 Rfd8 29. Nxb6 axb6 30. Rde1 Kf7
31. Kc2 c5 32. f5 Ng5 33. g4 Ne4 34. Rh2 c4 35. Ra1 Re8 36. b3 b5 37. Re2 Ng3 38. Rxe8 Rxe8 39. bxc4 bxc4 40. a4 Ne4
41. Rb1 Re7 42. a5 Nf2 43. Rb5 Nxg4 44. Kd2 Ne3
0-1

[Event "DRAGON 3OOO"]
[Site "SchemingMind.com"]
[Date "2013.02.26"]
[Round "-"]
[White "erobeno"]
[Black "kenneth m day"]
[Result "1-0"]
[WhiteCountry "TUR"]
[BlackCountry "USA"]
[WhiteElo "1773"]
[WhiteRD "67"]
[BlackElo "1752"]
[BlackRD "52"]
[GameID "327756"]

1. e4 g6 2. d4 Bg7 3. Nc3 d6 4. Nf3 a6 5. b3 e6 6. Bc4 Ne7 7. Ng5 h6 8. Nh3 c5 9. Ne2 b5 10. Bd3 cxd4
11. O-O Nbc6 12. f4 O-O 13. Bb2 e5 14. Nf2 f5 15. c3 dxc3 16. Bxc3 Bb7 17. Nh3 Rc8 18. a4 fxe4 19. Bxe4 Qd7 20. axb5 axb5
21. fxe5 Rxf1+ 22. Kxf1 Rf8+ 23. Kg1 d5 24. Nhf4 Nxe5 25. Kh1 dxe4 26. Qxd7 Nxd7 27. Bxg7 Kxg7 28. Ne6+ Kg8 29. Nxf8 Nxf8 30. Ra7 Bd5
31. Rxe7 Bxb3 32. Rxe4 Bc4 33. Nc3 Bd3 34. Rb4 Ne6 35. Nxb5 Nc5 36. Nd4 Ne4 37. Rb7 Nf2+ 38. Kg1 Ne4 39. Ne6 Ng5 40. Nxg5 hxg5
41. g4 Bc4 42. Rc7 Bf7 43. Rc5 Bb3 44. Rxg5 Bc2 45. Kf2 Kg7 46. Rc5 Bd1 47. g5 Kf7 48. Rc6 Ba4 49. Rd6 Bc2 50. Ke3 Bb1
51. Kf4 Bf5 52. Rf6+ Kg7 53. Rxf5 gxf5 54. Kxf5 Kg8 55. Kf6 Kh7 56. g6+ Kg8 57. g7
1-0

[Event "DRAGON 3OOO"]
[Site "SchemingMind.com"]
[Date "2013.03.03"]
[Round "-"]
[White "erobeno"]
[Black "SAMAEL"]
[Result "1/2-1/2"]
[WhiteCountry "TUR"]
[BlackCountry "CAN"]
[WhiteElo "1773"]
[WhiteRD "67"]
[BlackElo "1716"]
[BlackRD "51"]
[GameID "327757"]

1. e4 e5 2. Nf3 Nc6 3. Bb5 d6 4. d4 exd4 5. Nxd4 Bd7 6. Nc3 a6 7. Bxc6 Bxc6 8. O-O Nf6 9. Re1 Be7 10. e5 dxe5
11. Rxe5 O-O 12. Bg5 Re8 13. Nxc6 bxc6 14. Qxd8 Raxd8 15. Rae1 Kf8 16. h3 h6 17. Bh4 Ng8 18. Bxe7+ Rxe7 19. Rxe7 Nxe7 20. Re5 Rd2
21. Ra5 Rxc2 22. Rxa6 Ke8 23. Ra8+ Kd7 24. Rb8 f5 25. a4 Nc8 26. Kh2 Rxf2 27. b4 Rc2 28. Nd1 g5 29. Ne3 Rf2 30. a5 Rb2
31. Nxf5 c5 32. Rb5 Kc6 33. Rxc5+ Kb7 34. Rc4 Nd6 35. Nxd6+ cxd6 36. Rd4 Kc6 37. Kg3 d5 38. Kf3 h5 39. g3 Rb3+ 40. Kg2 Rb2+
41. Kf3 Rb3+ 42. Kf2 Rb2+ 43. Ke1 Rb3 44. h4 Rxg3 45. Kf2 gxh4 46. Rxh4 Rb3 47. Rxh5 Rxb4 48. a6=
1/2-1/2

[Event "DRAGON 3OOO"]
[Site "SchemingMind.com"]
[Date "2013.02.27"]
[Round "-"]
[White "Greg Magne"]
[Black "erobeno"]
[Result "1-0"]
[WhiteCountry "CAN"]
[BlackCountry "TUR"]
[WhiteElo "1896"]
[WhiteRD "66"]
[BlackElo "1705"]
[BlackRD "73"]
[GameID "327758"]

1. e4 c5 2. Nf3 e6 3. d4 cxd4 4. Nxd4 Nf6 5. Nc3 a6 6. Be2 Bb4 7. Qd3 O-O 8. Bg5 h6 9. Bh4 d6 10. O-O e5
11. Nb3 Nbd7 12. Nd5 Bc5 13. Nxc5 g5 14. Nxd7 Bxd7 15. Nxf6+ Qxf6 16. Bg3 Rac8 17. c4 b5 18. b3 Qg6 19. Rfd1 Bc6 20. Qxd6 Qxd6
21. Rxd6 f6 22. f3 Kg7 23. Rad1 Kf7 24. cxb5 axb5 25. Rc1 Bb7 26. Rxc8 Bxc8 27. Bxb5 Ke7 28. Rd3 Be6 29. a4 Rc8 30. Be1 Rc1
31. Kf2 Rc2+ 32. Bd2 h5 33. b4 f5 34. a5 f4 35. g3 Bc4 36. Bxc4 Rxc4 37. b5 Ke6 38. b6
1-0

[Event "DRAGON 3OOO"]
[Site "SchemingMind.com"]
[Date "2013.03.03"]
[Round "-"]
[White "e_castle3"]
[Black "erobeno"]
[Result "0-1"]
[WhiteCountry "PHI"]
[BlackCountry "TUR"]
[WhiteElo "1709"]
[WhiteRD "65"]
[BlackElo "1773"]
[BlackRD "67"]
[GameID "327759"]

1. e4 c5 2. Nf3 d6 3. Bc4 Nf6 4. d3 Nc6 5. a3 e6 6. O-O Be7 7. Re1 O-O 8. Nc3 h6 9. d4 d5 10. exd5 exd5
11. Ba2 Bg4 12. dxc5 d4 13. Na4 Qa5 14. Bb3 Bxf3 15. gxf3 Bxc5 16. Nxc5 Qxc5 17. Kg2 Ne5 18. Bf4 Rfe8 19. Rg1 Rad8 20. Kh1 Qc6
21. Bxe5 Rxe5 22. Qd3 Rg5 23. Rae1 Ng4 24. Rxg4 Rxg4 25. Qf5 Rg5 26. Qxf7+ Kh7 27. a4 a5 28. Re6 Qd7 29. Qf4 d3 30. Qe4+ Kh8
31. cxd3 Rc8 32. h4 Rgc5 33. d4 R5c6 34. Re7 Qh3+
0-1

[Event "DRAGON 3OOO"]
[Site "SchemingMind.com"]
[Date "2013.02.26"]
[Round "-"]
[White "agarr"]
[Black "erobeno"]
[Result "1-0"]
[WhiteCountry "RUS"]
[BlackCountry "TUR"]
[WhiteElo "1755"]
[WhiteRD "69"]
[BlackElo "1705"]
[BlackRD "73"]
[GameID "327760"]

1. e4 Nf6 2. e5 Nd5 3. d4 c5 4. dxc5 Qa5+ 5. Bd2 Qxc5 6. Nc3 Nb4 7. Nf3 g6 8. a3 N4c6 9. Be3 Nd4 10. Bxd4 Qc7
11. e6 f6 12. Nb5 Qc6 13. Qe2 b6 14. g3 a6 15. exd7+ Nxd7 16. Nc3 Bg7 17. Bg2 O-O 18. Nh4 Qd6 19. Bxa8 Qxd4 20. Rd1 Qe5
21. Qxe5 Nxe5 22. b3 Bg4 23. f3 Rxa8 24. fxg4 Nxg4 25. Nd5 Kf7 26. Nxb6 Ra7 27. Rd7 Rxd7 28. Nxd7 Ne3 29. Kd2 Bh6 30. Kd3 e5
31. Nc5 f5 32. c4 e4+ 33. Ke2 a5 34. Rg1 Nc2 35. a4 Be3 36. Rf1 Bxc5 37. Nxf5 Ke6 38. Ng7+ Ke5 39. Kd2 Nd4 40. Rb1 Nf3+
41. Ke2 Bd6 42. Ne8 Bc5 43. Nc7 h5 44. h4 Nd4+ 45. Kd2 Bb4+ 46. Kd1 Nf5 47. Nd5 Bc5 48. b4 axb4 49. Nxb4 Ne3+ 50. Ke2 Nxc4
51. Rc1 Kd4 52. Nc6+ Kd5 53. a5 Nd6 54. Ne7+ Kd4 55. a6 Nb5 56. Nxg6 Bb6 57. Nf4 Nc3+ 58. Kf1 e3 59. Ne2+ Nxe2 60. Kxe2 Ke4
61. Ra1 Kf5 62. a7 Bxa7 63. Rxa7 Kg4 64. Rg7+ Kh3 65. Kxe3
1-0

[Event "DRAGON 3OOO"]
[Site "SchemingMind.com"]
[Date "2013.02.27"]
[Round "-"]
[White "David Hartley"]
[Black "erobeno"]
[Result "1-0"]
[WhiteCountry "ENG"]
[BlackCountry "TUR"]
[WhiteElo "1793"]
[WhiteRD "60"]
[BlackElo "1773"]
[BlackRD "67"]
[GameID "327761"]

1. e4 c5 2. c3 Nf6 3. e5 Nd5 4. d4 cxd4 5. cxd4 d6 6. Nf3 Bg4 7. Bc4 g6 8. Qa4+ Bd7 9. Qb3 Qc7 10. exd6 Qc6
11. Ne5 Qb6 12. Bxd5 Qxb3 13. Bxb3 e6 14. O-O Bxd6 15. Bf4 Bb5 16. Rd1 O-O 17. Nc3 Bxe5 18. dxe5 Bc6 19. Ba4 Bxa4 20. Nxa4 Nc6
21. Rd2 b6 22. Rad1 Rac8 23. Bg3 h5 24. f4 Nb4 25. Nc3 Rc7 26. Bh4 Rc4 27. g3 Kg7 28. a3 Na6 29. Nb5 Ra8 30. Rd7 Rc2
31. Nd6 Rxb2 32. Rxf7+ Kg8 33. Bf6 Nc5 34. Rg7+ Kf8 35. Rh7
1-0

[Event "DRAGON 3OOO"]
[Site "SchemingMind.com"]
[Date "2013.03.02"]
[Round "-"]
[White "emvarela"]
[Black "erobeno"]
[Result "0-1"]
[WhiteCountry "ARG"]
[BlackCountry "TUR"]
[WhiteElo "1779"]
[WhiteRD "51"]
[BlackElo "1822"]
[BlackRD "69"]
[GameID "327762"]

1. e4 c5 2. Nf3 d6 3. d4 cxd4 4. Nxd4 Nf6 5. Nc3 e5 6. Bb5+ Bd7 7. Bxd7+ Nbxd7 8. Nf5 Qb6 9. O-O g6 10. Ng3 Bg7
11. Nd5 Nxd5 12. Qxd5 O-O 13. b3 Qc6 14. Qxc6 bxc6 15. c4 a5 16. Ba3 c5 17. Rad1 Ra6 18. f4 exf4 19. Ne2 g5 20. h4 h6
21. hxg5 hxg5 22. g3 fxg3 23. Nxg3 Ne5 24. Nf5 Rd8 25. Nxg7 Kxg7 26. Bxc5 a4 27. Bd4 f6 28. Bxe5 fxe5 29. Rf5 axb3 30. axb3 Rb8
31. Rxg5+ Kf6 32. Rf5+ Ke7 33. Rf3 Ra3 34. Rb1 Rb4 35. Kg2 Kd7 36. Kg3 Kc6 37. Kf2 Kc5 38. Re3 Ra2+ 39. Kf3 Rb7 40. Rd3 Rf7+
41. Ke3 Raf2 42. b4+ Kc6 43. b5+ Kd7
0-1

[Event "DRAGON 3OOO"]
[Site "SchemingMind.com"]
[Date "2013.02.26"]
[Round "-"]
[White "Scooter"]
[Black "erobeno"]
[Result "1-0"]
[WhiteCountry "USA"]
[BlackCountry "TUR"]
[WhiteElo "1792"]
[WhiteRD "53"]
[BlackElo "1705"]
[BlackRD "73"]
[GameID "327763"]

1. d4 Nf6 2. Nf3 g6 3. Bf4 d6 4. h3 Bg7 5. e3 O-O 6. Be2 c5 7. c3 Qb6 8. Qb3 Be6 9. Qxb6 axb6 10. a3 Ne4
11. O-O Bb3 12. Nbd2 Nxd2 13. Nxd2 Bd5 14. e4 Bc6 15. d5 Bd7 16. Nc4 Bb5 17. Nxb6 Ra6 18. Bxb5 Rxb6 19. a4 c4 20. Be3 Ra6
21. Bxa6 Nxa6 22. a5 e6 23. Ra4 Rc8 24. Rb1 f5 25. dxe6 fxe4 26. Rd1 Rc6 27. e7 Kf7 28. Bd4 Bh6 29. Bf6 Nc7 30. Bh4 Bf4
31. Rb4 g5 32. Bg3 Bxg3 33. fxg3 Kxe7 34. Rxb7 Kd7 35. Rd5 Kc8 36. Rxc7+ Kxc7 37. Rxg5 Ra6 38. Kf2 Kc6 39. Ke3 d5 40. Rf5 Kc5
41. Kd2 Rxa5 42. Rf7 Rb5 43. Kc2 d4 44. Rf5+ Kc6 45. Rxb5 Kxb5 46. cxd4 e3 47. Kd1 Kb4 48. d5 Kc5 49. Ke2 Kxd5 50. Kxe3 Kc5
51. Kd2
1-0

[Event "DRAGON 3OOO"]
[Site "SchemingMind.com"]
[Date "2013.02.27"]
[Round "-"]
[White "kenneth m day"]
[Black "erobeno"]
[Result "0-1"]
[WhiteCountry "USA"]
[BlackCountry "TUR"]
[WhiteElo "1770"]
[WhiteRD "51"]
[BlackElo "1705"]
[BlackRD "73"]
[GameID "327764"]

1. e4 c5 2. d4 cxd4 3. c3 dxc3 4. Nxc3 Nc6 5. Nf3 d6 6. Bc4 e6 7. O-O Be7 8. Qe2 a6 9. Rd1 h6 10. Be3 Bf6
11. Rac1 Nge7 12. Bc5 O-O 13. Bxd6 Qb6 14. e5 Bxe5 15. Bxe5 Qa5 16. Bd6 Re8 17. Qe4 b5 18. Bd3 Nf5 19. Bf4 Bb7 20. g4 Nd8
21. Qe2 Qb4 22. Bd2 Qxg4+ 23. Kf1 Bxf3 24. Qe5 Nc6 25. Qc5 Qh3+ 26. Ke1 Bxd1 27. Qxc6 Qxd3 28. Rxd1 Nd4 29. Qe4 Nc2#
0-1

[Event "DRAGON 3OOO"]
[Site "SchemingMind.com"]
[Date "2013.03.03"]
[Round "-"]
[White "SAMAEL"]
[Black "erobeno"]
[Result "1-0"]
[WhiteCountry "CAN"]
[BlackCountry "TUR"]
[WhiteElo "1716"]
[WhiteRD "51"]
[BlackElo "1773"]
[BlackRD "67"]
[GameID "327765"]

1. e4 e5 2. Nf3 Nc6 3. Be2 Nf6 4. Nc3 Bc5 5. h3 O-O 6. O-O d6 7. d3 h6 8. a3 a6 9. Bd2 Be6 10. Nh2 Nd4
11. Re1 b5 12. Bf1 c6 13. Ne2 a5 14. Nxd4 Bxd4 15. c3 Bb6 16. Be3 Re8 17. Bxb6 Qxb6 18. Be2 d5 19. exd5 Bxd5 20. Bf3 Rad8
21. Bxd5 Rxd5 22. Qf3 a4 23. Rad1 c5 24. Ng4 e4 25. Nxf6+ gxf6 26. Rxe4 Rxe4 27. Qxe4 Re5 28. Qg4+ Rg5 29. Qh4 Kg7 30. d4 Qe6
31. dxc5 Rxc5 32. Qd4 Rc4 33. Qd2 Re4 34. Kf1 Qe5 35. Re1 Qe6 36. Rxe4 Qxe4 37. f3 Qc4+ 38. Qe2 Qa2 39. Qxb5 Qb1+ 40. Kf2 f5
41. c4 f6 42. c5 f4 43. c6 Qc2+ 44. Kg1 Kf7 45. Qb7+ Kg6 46. c7 Qd2 47. Qe4+ Kg5 48. c8=Q Kh4 49. Qg4#
1-0

[Event "DRAGON 3OOO"]
[Site "SchemingMind.com"]
[Date "2013.02.26"]
[Round "-"]
[White "Colebunker"]
[Black "Greg Magne"]
[Result "0-1"]
[WhiteCountry "ENG"]
[BlackCountry "CAN"]
[WhiteElo "1816"]
[WhiteRD "70"]
[BlackElo "1896"]
[BlackRD "66"]
[GameID "327767"]

1. e4 Nf6 2. e5 Nd5 3. d4 d6 4. Nf3 g6 5. c4 Nb6 6. exd6 cxd6 7. Nc3 Bg7 8. Be2 O-O 9. O-O Nc6 10. Be3 Bg4
11. c5 dxc5 12. dxc5 Nd7 13. Rc1 Qa5 14. a3 Rfd8 15. Qe1 Rac8 16. h3 Bxf3 17. Bxf3 Nde5 18. Bxc6 Nd3 19. Qd2 Nxc1 20. Qxc1 bxc6
21. b4 Qa6 22. Ne4 Qd3 23. Ng5 Rd5 24. h4 Rcd8 25. Nh3 Qxf1+ 26. Qxf1 Rd1 27. Nf4 Rxf1+ 28. Kxf1 Rd1+ 29. Ke2 Ra1 30. b5 cxb5
31. c6 Be5 32. Nd5 Rxa3 33. c7 Bxc7 34. Nxc7 a6 35. Bc5 Ra2+ 36. Kd3 e5 37. g4 Ra4 38. f3 f5 39. gxf5 gxf5 40. h5 Kg7
41. Ne8+ Kh6 42. Nf6 a5 43. Bf8+ Kg5 44. Nxh7+ Kxh5 45. Nf6+ Kg5 46. Nd7 e4+ 47. fxe4 fxe4+ 48. Ke3 Kf5 49. Nb6 Ra2 50. Nd5 b4
51. Ne7+ Ke6 52. Nc6 Kd5 53. Ne7+ Kc4 54. Kxe4 b3 55. Bg7 b2
0-1

[Event "DRAGON 3OOO"]
[Site "SchemingMind.com"]
[Date "2013.03.03"]
[Round "-"]
[White "Colebunker"]
[Black "e_castle3"]
[Result "1-0"]
[WhiteCountry "ENG"]
[BlackCountry "PHI"]
[WhiteElo "1805"]
[WhiteRD "70"]
[BlackElo "1709"]
[BlackRD "65"]
[GameID "327768"]

1. e4 d6 2. d4 e6 3. Be3 g6 4. Nc3 Bg7 5. Qd2 a6 6. f3 Nc6 7. O-O-O Bd7 8. Kb1 Qe7 9. Bc4 O-O-O 10. Nge2 h5
11. h4 Kb8 12. a3 b5 13. Bd3 Bc8 14. Na2 d5 15. e5 Qe8 16. Nb4 Bb7 17. Nxc6+ Bxc6 18. Qa5 Bb7 19. Nc3 f6 20. f4 Ne7
21. Na2 Nc6 22. Qc3 Qe7 23. g3 Rdg8 24. Rhf1 Bh6 25. exf6 Qxf6 26. Nb4 Ne7 27. a4 c6 28. Qa3 Nf5 29. Bf2 a5 30. Nxc6+ Bxc6
31. axb5 Bb7 32. Qxa5 Bg7 33. b6 Nxd4 34. Qa7+ Kc8 35. Ba6 Qe7 36. Qa8+
1-0

[Event "DRAGON 3OOO"]
[Site "SchemingMind.com"]
[Date "2013.02.26"]
[Round "-"]
[White "Colebunker"]
[Black "agarr"]
[Result "1-0"]
[WhiteCountry "ENG"]
[BlackCountry "RUS"]
[WhiteElo "1816"]
[WhiteRD "70"]
[BlackElo "1755"]
[BlackRD "69"]
[GameID "327769"]

1. e4 e5 2. Nf3 Nc6 3. Bb5 Bc5 4. O-O d6 5. c3 Bd7 6. d4 exd4 7. cxd4 Bb6 8. Nc3 Nge7 9. Re1 O-O 10. h3 Qe8
11. Bg5 f6 12. Bh4 Ng6 13. Bg3 Kh8 14. Rc1 a6 15. Ba4 Qd8 16. Bc2 Qc8 17. h4 Re8 18. h5 Nf8 19. Nd5 Ne6 20. h6 Ncxd4
21. Nxb6 Nxf3+ 22. Qxf3 Ng5 23. Qd3 cxb6 24. Bxd6 g6 25. Qd4 Qd8 26. e5 Ne6 27. Qe3 f5 28. Bb3 Qg5 29. Qxg5 Nxg5 30. e6 Bxe6
31. Bxe6 Rxe6 32. f4 Rxe1+ 33. Rxe1 Ne4 34. Be5+ Kg8 35. Rc1 Rf8 36. Bg7 Re8 37. Rc7 Nc5 38. Be5 Ne6 39. Rxb7 b5 40. Ra7
1-0

[Event "DRAGON 3OOO"]
[Site "SchemingMind.com"]
[Date "2013.02.27"]
[Round "-"]
[White "Colebunker"]
[Black "David Hartley"]
[Result "0-1"]
[WhiteCountry "ENG"]
[BlackCountry "ENG"]
[WhiteElo "1805"]
[WhiteRD "70"]
[BlackElo "1793"]
[BlackRD "60"]
[GameID "327770"]

1. e4 e5 2. Nf3 Nc6 3. Bb5 a6 4. Ba4 Nf6 5. O-O Be7 6. Re1 b5 7. Bb3 d6 8. d4 O-O 9. c3 Bg4 10. Be3 exd4
11. cxd4 Na5 12. Bc2 c5 13. Nbd2 Nc6 14. h3 Bh5 15. e5 dxe5 16. dxe5 Nxe5 17. Bf4 Nxf3+ 18. Nxf3 Qxd1 19. Raxd1 Bxf3 20. gxf3 Rfe8
21. a4 h6 22. Re2 Kf8 23. Rde1 Ra7 24. axb5 axb5 25. b3 b4 26. Bd3 Rd7 27. Bb5 Rdd8 28. Bxe8 Rxe8 29. Be5 Rd8 30. Kg2 Nd5
31. Kg3 f6 32. Bb2 Bd6+ 33. Kg2 Nf4+ 34. Kf1 Nxe2 35. Rxe2 Be7 36. Kg2 Rd3 37. Re3 Rd2 38. Bc1 Rc2 39. Re1 Rc3
0-1

[Event "DRAGON 3OOO"]
[Site "SchemingMind.com"]
[Date "2013.03.02"]
[Round "-"]
[White "Colebunker"]
[Black "emvarela"]
[Result "1-0"]
[WhiteCountry "ENG"]
[BlackCountry "ARG"]
[WhiteElo "1805"]
[WhiteRD "70"]
[BlackElo "1738"]
[BlackRD "51"]
[GameID "327771"]

1. e4 e5 2. Nf3 Nc6 3. Bc4 Nf6 4. Ng5 d5 5. exd5 Na5 6. Bb5+ c6 7. dxc6 bxc6 8. Qf3 Bb7 9. Bd3 c5 10. Bb5+ Ke7
11. Qc3 Qc7 12. b4 Nc6 13. Qxc5+ Ke8 14. Qc3 Bd6 15. Na3 a6 16. Ba4 Ke7 17. Bb3 Nd8 18. Qxc7+ Bxc7 19. O-O h6 20. Nf3 Nc6
21. Bb2 Nxb4 22. Nxe5 Bxe5 23. Rfe1 Nd7 24. d4
1-0

[Event "DRAGON 3OOO"]
[Site "SchemingMind.com"]
[Date "2013.02.26"]
[Round "-"]
[White "Colebunker"]
[Black "Scooter"]
[Result "1/2-1/2"]
[WhiteCountry "ENG"]
[BlackCountry "USA"]
[WhiteElo "1816"]
[WhiteRD "70"]
[BlackElo "1792"]
[BlackRD "53"]
[GameID "327772"]

1. e4 c6 2. d4 d5 3. Nc3 dxe4 4. Nxe4 Bf5 5. Ng3 Bg6 6. Nf3 Nd7 7. h4 h6 8. Bd3 Bxd3 9. Qxd3 Qc7 10. Bd2 O-O-O
11. O-O-O Ngf6 12. Kb1 e6 13. Rhe1 Bd6 14. Ne4 Nxe4 15. Rxe4 Nf6 16. Ree1 Ng4 17. Be3 Bf4 18. Rd2 Ne5 19. Nxe5 Bxe5 20. Qa3 Bf4
21. Qxa7 Bxe3 22. fxe3 Qg3 23. Rf1 Qxe3 24. Rdd1 Rhf8 25. a4 Kc7 26. Qa5+ Kb8 27. Qe5+ Qxe5 28. dxe5 Kc7 29. Kc1 Rd5 30. Rxd5 cxd5
31. Kd2 f5 32. Kd3 Kb6 33. b3 Kc5 34. c3 b6 35. b4+ Kc6 36. Ra1 g5 37. hxg5 hxg5 38. Kd4 Rh8 39. b5+ Kc7 40. a5 Rh4+
41. Kd3 bxa5 42. Rxa5 Re4 43. Ra7+ Kb8 44. b6 Rxe5 45. Kd4 Re4+ 46. Kc5 Rc4+ 47. Kd6 Rxc3 48. Kxe6 Rc6+ 49. Kxd5 Rxb6 50. Rg7 f4
51. Ke4 Rb5 52. Kf3 Rb3+ 53. Kf2 Rg3 54. Kf1 f3 55. gxf3 Rxf3+ 56. Kg2 Rf5= 57. Kg3 Rc5 58. Kg4 Rd5= 59. Rxg5 Rxg5+= 60. Kxg5
1/2-1/2

[Event "DRAGON 3OOO"]
[Site "SchemingMind.com"]
[Date "2013.02.26"]
[Round "-"]
[White "Colebunker"]
[Black "kenneth m day"]
[Result "1-0"]
[WhiteCountry "ENG"]
[BlackCountry "USA"]
[WhiteElo "1793"]
[WhiteRD "79"]
[BlackElo "1791"]
[BlackRD "48"]
[GameID "327773"]

1. e4 g6 2. d4 Bg7 3. Nc3 d6 4. Be3 a6 5. f3 b5 6. Qd2 Nf6 7. h4 Nbd7 8. O-O-O Bb7 9. Nge2 e5 10. d5 O-O
11. h5 Nxh5 12. Bh6 Ndf6 13. Bxg7 Kxg7 14. g4 Nf4 15. Nxf4 exf4 16. Qxf4 Ng8 17. Qh2 Qg5+ 18. Kb1 h6 19. Be2 b4 20. Na4 Rfe8
21. Rdf1 Qe3 22. Qf2 Qxf2 23. Rxf2 Nf6 24. Rfh2 Rh8 25. b3 c6 26. dxc6 Bxc6 27. Nb2 Nd7 28. Rd1 Nc5 29. Rxd6 Bb7 30. Nc4 Rad8
31. e5 Rhe8 32. f4 Ne4 33. Rxd8 Rxd8 34. Bd3 Nc3+ 35. Kb2 Rd4 36. f5 Rxg4 37. f6+ Kh7 38. a3 Nd1+ 39. Kc1 Nc3 40. axb4 Na2+
41. Kb2 Nxb4 42. Be2 Rg3 43. Nd6 Bd5 44. Bc4 Re3 45. Nxf7 Bxf7 46. Bxf7 Rxe5 47. Rf2 h5 48. Bc4 Re8 49. c3 Nc6 50. Bxa6 Rf8
51. b4 Ne5 52. Be2 h4 53. b5 Rf7 54. Rf4 g5 55. Rf5 Nd7 56. Rxg5 Rxf6 57. Kb3 Rh6 58. Rh5 h3 59. Rxh6+ Kxh6 60. Bf3 Kg5
61. Kb4 h2 62. c4 Kf4 63. Bh1 Ke5 64. c5 Nb8 65. b6 Ke6 66. Kb5 Kd7 67. c6+ Kc8 68. Kc5 Na6+ 69. Kd6 Nb8 70. b7+
1-0

[Event "DRAGON 3OOO"]
[Site "SchemingMind.com"]
[Date "2013.02.26"]
[Round "-"]
[White "Colebunker"]
[Black "erobeno"]
[Result "1-0"]
[WhiteCountry "ENG"]
[BlackCountry "TUR"]
[WhiteElo "1816"]
[WhiteRD "70"]
[BlackElo "1705"]
[BlackRD "73"]
[GameID "327774"]

1. e4 c5 2. Nf3 e6 3. d4 cxd4 4. Nxd4 Nf6 5. Nc3 a6 6. Be2 Bb4 7. Qd3 O-O 8. Bg5 h6 9. Bh4 d6 10. O-O Nc6
11. Nxc6 bxc6 12. e5 dxe5 13. Qxd8 Rxd8 14. Bxf6 gxf6 15. Rad1 Bd7 16. Ne4 Kg7 17. Rd3 f5 18. Rfd1 Ra7 19. Rg3+ Kf8 20. Nf6 Ke7
21. Ng8+
1-0

[Event "DRAGON 3OOO"]
[Site "SchemingMind.com"]
[Date "2013.03.03"]
[Round "-"]
[White "Colebunker"]
[Black "SAMAEL"]
[Result "1-0"]
[WhiteCountry "ENG"]
[BlackCountry "CAN"]
[WhiteElo "1805"]
[WhiteRD "70"]
[BlackElo "1716"]
[BlackRD "51"]
[GameID "327775"]

1. e4 e5 2. Nf3 Nc6 3. Bb5 d6 4. O-O Nf6 5. d3 Be7 6. Nc3 Bd7 7. h3 a6 8. Bc4 h6 9. Be3 Nh7 10. Nd5 O-O
11. a3 Ng5 12. Nxe7+ Qxe7 13. Nxg5 hxg5 14. Qh5 Be6 15. Bxg5 f6 16. Bxe6+ Qxe6 17. Be3 Qf7 18. Qxf7+ Rxf7 19. f4 Raf8 20. f5 Rd7
21. c4 Kf7 22. g4 Ke8 23. Kg2 Rdf7 24. b4 Ne7 25. Ra2 g5 26. a4 b6 27. a5 b5 28. cxb5 axb5 29. a6 Kd7 30. d4 Nc6
31. a7 Ra8 32. dxe5 Nxe5 33. Rc1 Nc4 34. Bf2 Re7 35. Kf3 Kc8 36. Rh1 Ne5+ 37. Ke3 c5 38. Rd1 Rexa7 39. Rxa7 Rxa7 40. Ke2 Ra2+
41. Kf1 cxb4 42. Rxd6 b3 43. Bd4 b2 44. Bxb2 Rxb2 45. Rxf6 Kd7 46. Rb6 b4 47. Rb5 Kd6 48. Rd5+ Kc6 49. Rxe5 b3 50. Re6+ Kd7
51. Rb6 Rb1+ 52. Ke2 b2 53. Kd2 Rh1 54. Kc2 Rxh3 55. Kxb2 Rg3 56. e5 Rxg4 57. e6+ Ke7 58. Rb7+ Kf6 59. Rf7+ Ke5 60. e7
1-0